Veszedelmes kiütéses tífusz lépett fel Dorozsmán

Elmentve itt :
Bibliográfiai részletek
Dokumentumtípus: Cikk
Megjelent: 1935-05-14
Sorozat:Délmagyarország 11 No. 107
Kulcsszavak:Orvostudomány
Online Access:http://dmarchiv.bibl.u-szeged.hu/48872
LEADER 00423nab a2200145 i 4500
001 delm48872
005 20180927134855.0
008 180927s1935 hu o 0|| hun d
040 |a SZTE Délmagyarország Archívum  |b hun 
041 |a hun 
245 0 0 |a Veszedelmes kiütéses tífusz lépett fel Dorozsmán  |h [elektronikus dokumentum] 
260 |c 1935-05-14 
300 |a 3 
490 0 |a Délmagyarország  |v 11 No. 107 
695 |a Orvostudomány